Statistics for Name That Roblox Game

Click here to take the quiz!

General Stats

  • This quiz has been taken 37 times
  • The average score is 11 of 16

Answer Stats

Answer% Correct
Piggy
100%
Jailbreak
90%
Granny
85%
Adopt me
80%
Brookhaven
80%
Roblox High school
75%
Work at a Pizza place
75%
Apocalypse Rising
70%
Murder mystery 2
70%
Pet simulator X
70%
Rainbow Friends
70%
Blox fruits
55%
Natural disaster survival
55%
Tower of hell
55%
Bedwars
50%
Welcome to bloxburg
30%

Score Distribution

Percentile by Number Answered

Percent of People with Each Score

Your Score History

You have not taken this quiz